000 00684nam a2200253Ia 4500
003 OSt
005 20220924131932.0
006 a|||||r|||| 00| 0
007 ta
008 220923b |||||||| |||| 00| 0 tel d
020 _c30.00
024 _a349994
037 _cTextual
040 _aARTS
_cARTS
_btel
041 _2tel
_atel
082 _aO35,3NBEE,1, M5
100 _aBeenadevi Au.
_9203294
245 0 _aPunya bhoomee-Kallu Teru
_b novel
260 _aVijayawada
_bNavodaya publishers India
_c1985
300 _a379p.
_ccm.
650 _aTELUGU FICTION
942 _hO35,3NBEE,1, M5
_cTEXL
_2CC
999 _c428666
_d428666